000 00345nam a2200145Ia 4500
008 230917s9999||||xx |||||||||||||| ||und||
040 _e49649
_aMAIN
041 _aEnglish
082 _a822.09 H125T
100 _aHaigh, A E
245 0 _aTragic drama of the Greeks
260 _aNew York
_bDover
_c1968
300 _aviii, 499 p.
942 _cBK
999 _c63072
_d63072